header

From comrades to citizens (Record no. 20031)

MARC details
000 -LEADER
fixed length control field 01530nam a22003614a 4500
082 04 - DEWEY DECIMAL CLASSIFICATION NUMBER
Classification number 322.4/2/096809048
245 00 - TITLE STATEMENT
Title From comrades to citizens
260 ## - PUBLICATION, DISTRIBUTION, ETC. (IMPRINT)
Place of publication New York :
Name of publisher St. Martin's Press in association with Albert Einstein Institution,
Year of publication 2000.
300 ## - PHYSICAL DESCRIPTION
Number of Pages xvi, 253 p. :
Other physical details maps.
490 1# - SERIES STATEMENT
Series statement International political economy series
650 #0 - SUBJECT ADDED ENTRY--TOPICAL TERM
Topical Term Democracy
Topical Term Civil society
Topical Term Social movements
700 1# - ADDED ENTRY--PERSONAL NAME
Personal name Adler, Glenn,
Personal name Steinberg, Jonny,
856 40 - ELECTRONIC LOCATION AND ACCESS
Uniform Resource Identifier http://site.ebrary.com/lib/rucke/Doc?id=5007583

No items available.

© 2026 Rongo University
Contact us: librarian | system librarian | Rongo university